[Event "Titled Tuesday intern op 14th Jan Early"]
[Site "Chess.com INT"]
[Date "2025.01.14"]
[Round "11"]
[White "Ady, Jonathan James"]
[Black "Garg, Priyansh"]
[Result "1-0"]
[WhiteElo "2358"]
[BlackElo "2052"]
[PlyCount "67"]
[EventDate "2025.01.14"]
[EventType "swiss (blitz)"]
[EventRounds "11"]
[EventCountry "USA"]
[SourceTitle "CB04_2025"]
[SourceDate "2025.01.22"]
[SourceVersion "1"]
[SourceVersionDate "2025.01.22"]
[SourceQuality "1"]

1. e4 c5 2. Nf3 d6 3. c3 Nf6 4. Be2 Nc6 5. d4 cxd4 6. cxd4 e6 7. Nc3 d5 8. e5 Nd7 9. 0-0 Be7 10. Bd3 a6 11. Re1 b5 12. a4 b4 13. Ne2 Bb7 14. Ng3 g6 15. Bh6 Bf8 16. Qd2 Qe7 17. Bg5 f6 18. exf6 Qf7 19. Ne5 Ndxe5 20. dxe5 Bc5 21. Rac1 Qf8 22. f7+ Kxf7 23. Qf4+ Ke8 24. Bf6 Rg8 25. Qg4 Kd7 26. Ne2 Rc8 27. Nf4 Nd8 28. Bxd8 Rxd8 29. Nxe6 Qxf2+ 30. Kh1 Be3 31. Nxd8+ Kxd8 32. Qe6 Rg7 33. Rf1 Qh4 34. Rf8# 1-0

[Event "Titled Tuesday intern op 14th Jan Early"]
[Site "Chess.com INT"]
[Date "2025.01.14"]
[Round "6"]
[White "Garg, Priyansh"]
[Black "Tamarozi, Isabelle"]
[Result "1-0"]
[WhiteElo "2052"]
[BlackElo "1994"]
[PlyCount "55"]
[EventDate "2025.01.14"]
[EventType "swiss (blitz)"]
[EventRounds "11"]
[EventCountry "USA"]
[SourceTitle "CB04_2025"]
[SourceDate "2025.01.22"]
[SourceVersion "1"]
[SourceVersionDate "2025.01.22"]
[SourceQuality "1"]

1. d4 d5 2. Nc3 c5 3. Bf4 Nf6 4. e3 Bf5 5. Nb5 Na6 6. c3 Rc8 7. Nxa7 Ra8 8. Bxa6 Rxa7 9. Bb5+ Bd7 10. Bxd7+ Nxd7 11. Nf3 e6 12. 0-0 Be7 13. Ne5 0-0 14. Nxd7 Qxd7 15. dxc5 Bxc5 16. b4 Be7 17. e4 Qc6 18. exd5 Qxc3 19. d6 Bf6 20. Rc1 Qxb4 21. Be3 Rxa2 22. d7 h6 23. Bc5 Qh4 24. Bxf8 Be5 25. g3 Qh3 26. d8Q Rxf2 27. Rxf2 Bxg3 28. Bd6+ 1-0

[Event "Titled Tuesday intern op 03rd Sep Late"]
[Site "Chess.com INT"]
[Date "2024.09.03"]
[Round "8"]
[White "Garg, Priyansh"]
[Black "Alvarado, Carlos"]
[Result "1-0"]
[WhiteElo "2041"]
[BlackElo "2044"]
[PlyCount "183"]
[EventDate "2024.09.03"]
[EventType "swiss (blitz)"]
[EventRounds "11"]
[EventCountry "USA"]
[SourceTitle "EXT 2025"]
[Source "ChessBase"]
[SourceDate "2024.10.14"]
[SourceVersion "1"]
[SourceVersionDate "2024.10.14"]
[SourceQuality "1"]

1. d4 d5 2. Nc3 Nf6 3. Bf4 c6 4. e3 Bf5 5. f3 h6 6. g4 Bh7 7. h4 Nbd7 8. Qd2 e6 9. g5 Nh5 10. Nge2 Nxf4 11. Nxf4 Bd6 12. Bd3 Bxd3 13. Qxd3 hxg5 14. Nfe2 gxh4 15. 0-0-0 Qe7 16. e4 0-0-0 17. e5 Bb4 18. Rdg1 g6 19. Rh3 Rh5 20. Rg4 Rdh8 21. Nf4 R5h7 22. Nce2 Kb8 23. c3 Ba5 24. Ng2 Bd8 25. f4 c5 26. Ne3 Qe8 27. c4 cxd4 28. Nxd4 Nc5 29. Qa3 Ne4 30. Nb5 a6 31. Nd6 Qc6 32. Nxe4 dxe4 33. Rg1 Bb6 34. Rd1 Qc5 35. Qxc5 Bxc5 36. Ng4 Rh5 37. Nf6 Rf5 38. Nd7+ Ka7 39. Nxc5 Rxf4 40. Re1 Rc8 41. Nxe4 Rxc4+ 42. Nc3 g5 43. Kd2 Rg4 44. Rf1 Rg2+ 45. Kd3 Rc7 46. Ne2 b5 47. Ke3 Rg4 48. Rc1 Rd7 49. Rf3 Kb6 50. Rcf1 Rb4 51. b3 Rd5 52. Rxf7 Rxe5+ 53. Kd3 Rd5+ 54. Kc2 Re4 55. Nc3 Rc5 56. Kb2 Re3 57. Rc1 Rg3 58. a4 b4 59. a5+ Kc6 60. Ne2 Rxc1 61. Nxc1 Rg2+ 62. Kb1 h3 63. Rh7 g4 64. Nd3 Kb5 65. Nf4 Rg1+ 66. Kc2 e5 67. Nd3 Kxa5 68. Nxe5 Rg2+ 69. Kd3 Kb5 70. Rh5 Kb6 71. Nc4+ Kc7 72. Kd4 h2 73. Ne3 Rb2 74. Nxg4 Rxb3 75. Rxh2 a5 76. Ne5 a4 77. Rc2+ Kb7 78. Nd3 Rc3 79. Rb2 Rb3 80. Nc5+ Kb6 81. Nxb3 a3 82. Ra2 Kb5 83. Nc5 b3 84. Nxb3 Kb4 85. Nc1 Ka4 86. Kc4 Ka5 87. Rxa3+ Kb6 88. Nb3 Kc6 89. Ra6+ Kb7 90. Kb5 Kb8 91. Kc6 Kc8 92. Ra8# 1-0

[Event "Titled Tuesday intern op 03rd Sep Late"]
[Site "Chess.com INT"]
[Date "2024.09.03"]
[Round "2"]
[White "Garg, Priyansh"]
[Black "Bold, Andre"]
[Result "0-1"]
[WhiteElo "2041"]
[BlackElo "2215"]
[PlyCount "130"]
[EventDate "2024.09.03"]
[EventType "swiss (blitz)"]
[EventRounds "11"]
[EventCountry "USA"]
[SourceTitle "EXT 2025"]
[Source "ChessBase"]
[SourceDate "2024.10.14"]
[SourceVersion "1"]
[SourceVersionDate "2024.10.14"]
[SourceQuality "1"]

1. d4 g6 2. Nc3 Bg7 3. Bf4 d6 4. e4 Nc6 5. Bb5 Bd7 6. Bxc6 Bxc6 7. Qd2 Bd7 8. 0-0-0 c6 9. f3 Qa5 10. Nge2 b5 11. a3 Qb6 12. h4 h6 13. g4 Nf6 14. e5 Nd5 15. Nxd5 cxd5 16. exd6 e6 17. Be5 f6 18. Bg3 Kf7 19. Qd3 g5 20. h5 Rhc8 21. Nc3 b4 22. axb4 Qxb4 23. Kd2 Rc4 24. Bf2 Rac8 25. Rb1 f5 26. gxf5 exf5 27. Ke2 Bxd4 28. Bxd4 Rxd4 29. Qa6 Qc4+ 30. Qxc4 Rdxc4 31. Ra1 d4 32. Rxa7 dxc3 33. Rxd7+ Ke6 34. Rh7 cxb2 35. Rxh6+ Ke5 36. d7 Rd8 37. Rb1 Rxc2+ 38. Kd3 Rf2 39. Kc3 Rxd7 40. Rxb2 Rxb2 41. Kxb2 Kf4 42. Rg6 Rd2+ 43. Kc3 Rh2 44. h6 Rh5 45. Kd4 Kxf3 46. Ke5 g4 47. Kf6 g3 48. h7 Rxh7 49. Kxf5 g2 50. Ra6 Rh1 51. Ra3+ Kf2 52. Ra2+ Kg3 53. Ra3+ Kh2 54. Ra2 Rf1+ 55. Kg4 Kh1 56. Kh3 g1Q 57. Ra4 Qg2+ 58. Kh4 Qf2+ 59. Kh5 Qf7+ 60. Kh4 Rf4+ 61. Kg5 Rxa4 62. Kh6 Ra6+ 63. Kg5 Qd5+ 64. Kh4 Ra4+ 65. Kh3 Qb3# 0-1

[Event "Titled Tuesday intern op 03rd Sep Early"]
[Site "Chess.com INT"]
[Date "2024.09.03"]
[Round "10"]
[White "Garg, Priyansh"]
[Black "Lai, Duc Minh1"]
[Result "0-1"]
[WhiteElo "2041"]
[BlackElo "2058"]
[PlyCount "26"]
[EventDate "2024.09.03"]
[EventType "swiss (blitz)"]
[EventRounds "11"]
[EventCountry "USA"]
[SourceTitle "EXT 2025"]
[Source "ChessBase"]
[SourceDate "2024.10.14"]
[SourceVersion "1"]
[SourceVersionDate "2024.10.14"]
[SourceQuality "1"]

1. d4 f5 2. Nc3 d5 3. Bg5 h6 4. Bf4 Nf6 5. e3 a6 6. Bd3 g6 7. Nf3 Nc6 8. Ne5 Nxe5 9. Bxe5 Bg7 10. g4 Kf7 11. gxf5 Bxf5 12. Bxf5 gxf5 13. Qh5+ Nxh5 0-1

[Event "Titled Tuesday intern op 03rd Sep Early"]
[Site "Chess.com INT"]
[Date "2024.09.03"]
[Round "6"]
[White "Garg, Priyansh"]
[Black "Omariev, Maksim"]
[Result "0-1"]
[WhiteElo "2041"]
[BlackElo "2304"]
[PlyCount "106"]
[EventDate "2024.09.03"]
[EventType "swiss (blitz)"]
[EventRounds "11"]
[EventCountry "USA"]
[SourceTitle "EXT 2025"]
[Source "ChessBase"]
[SourceDate "2024.10.14"]
[SourceVersion "1"]
[SourceVersionDate "2024.10.14"]
[SourceQuality "1"]

1. d4 h5 2. Nc3 h4 3. h3 d6 4. Nf3 e6 5. e4 Be7 6. d5 Nf6 7. dxe6 Bxe6 8. Bd3 Nc6 9. Bg5 Nh5 10. Bxe7 Qxe7 11. Qd2 Ne5 12. Nxe5 dxe5 13. 0-0-0 0-0-0 14. Nd5 Qc5 15. Qe3 Qa5 16. Bc4 Kb8 17. Qb3 Rd6 18. Kb1 Rhd8 19. Qf3 g6 20. Bb3 c6 21. Ne3 Bxb3 22. axb3 Nf4 23. g3 hxg3 24. fxg3 Rxd1+ 25. Rxd1 Rxd1+ 26. Qxd1 Ne6 27. Qd6+ Qc7 28. Qxc7+ Kxc7 29. Nc4 f6 30. g4 g5 31. Nd2 Nf4 32. Nf1 Nxh3 33. Ng3 Nf2 34. Kc1 Nxg4 35. Kd2 Kd6 36. Ke2 Ke6 37. Kf3 Nh2+ 38. Kg2 Ng4 39. Kf3 Nh6 40. Ne2 Nf7 41. Nc3 Nd6 42. Na4 b6 43. b4 Nb5 44. c3 Nd6 45. b3 Nb5 46. Ke3 f5 47. exf5+ Kxf5 48. Kd3 Kf4 49. c4 Nd4 50. c5 b5 51. Nc3 Nxb3 52. Nxb5 e4+ 53. Kc3 Ke5 0-1

[Event "Titled Tuesday intern op 03rd Sep Late"]
[Site "Chess.com INT"]
[Date "2024.09.03"]
[Round "4"]
[White "Garg, Priyansh"]
[Black "Walentukiewicz, Michal"]
[Result "0-1"]
[WhiteElo "2041"]
[BlackElo "2075"]
[PlyCount "52"]
[EventDate "2024.09.03"]
[EventType "swiss (blitz)"]
[EventRounds "11"]
[EventCountry "USA"]
[SourceTitle "EXT 2025"]
[Source "ChessBase"]
[SourceDate "2024.10.14"]
[SourceVersion "1"]
[SourceVersionDate "2024.10.14"]
[SourceQuality "1"]

1. d4 Nf6 2. Nc3 d5 3. Bf4 c6 4. e3 g6 5. h4 h5 6. Nf3 Bg7 7. Qd2 0-0 8. 0-0-0 b5 9. Ne5 Qa5 10. Kb1 b4 11. Ne2 Qb6 12. f3 a5 13. Nc1 Na6 14. Be2 Nc7 15. g4 hxg4 16. fxg4 Ne4 17. Qe1 a4 18. Bd3 Nb5 19. Bxe4 dxe4 20. Nc4 Qa6 21. Nd2 Bxg4 22. Ne2 a3 23. Nxe4 axb2 24. Kxb2 Qa3+ 25. Kb1 Qxa2+ 26. Kc1 Na3 0-1

[Event "Titled Tuesday intern op 03rd Sep Late"]
[Site "Chess.com INT"]
[Date "2024.09.03"]
[Round "6"]
[White "Tinmaz, Kerem"]
[Black "Garg, Priyansh"]
[Result "0-1"]
[WhiteElo "2015"]
[BlackElo "2041"]
[PlyCount "50"]
[EventDate "2024.09.03"]
[EventType "swiss (blitz)"]
[EventRounds "11"]
[EventCountry "USA"]
[SourceTitle "EXT 2025"]
[Source "ChessBase"]
[SourceDate "2024.10.14"]
[SourceVersion "1"]
[SourceVersionDate "2024.10.14"]
[SourceQuality "1"]

1. e4 e5 2. Nf3 Nf6 3. Nxe5 d6 4. Nf3 Nxe4 5. c4 Be7 6. d4 d5 7. Nc3 Bb4 8. Qc2 0-0 9. Be2 Re8 10. Be3 Bf5 11. Bd3 dxc4 12. Bxe4 Bxe4 13. Qa4 Bxc3+ 14. bxc3 Bd3 15. Ne5 Nc6 16. Nxc4 Qd5 17. Nd2 Qxg2 18. 0-0-0 b5 19. Qa6 Re6 20. Qb7 Rb8 21. Qxc7 Qd5 22. Nb3 Qc4 23. Kb2 b4 24. Rc1 Be4 25. cxb4 Qe2+ 0-1

[Event "Titled Tuesday intern op 03rd Sep Early"]
[Site "Chess.com INT"]
[Date "2024.09.03"]
[Round "9"]
[White "Yunker, Alisa Genrietta"]
[Black "Garg, Priyansh"]
[Result "0-1"]
[WhiteElo "1872"]
[BlackElo "2041"]
[PlyCount "108"]
[EventDate "2024.09.03"]
[EventType "swiss (blitz)"]
[EventRounds "11"]
[EventCountry "USA"]
[SourceTitle "EXT 2025"]
[Source "ChessBase"]
[SourceDate "2024.10.14"]
[SourceVersion "1"]
[SourceVersionDate "2024.10.14"]
[SourceQuality "1"]

1. d4 d5 2. c4 c6 3. Nc3 Nf6 4. Nf3 g6 5. cxd5 cxd5 6. Bf4 a6 7. e3 Bg7 8. Bd3 0-0 9. 0-0 Nc6 10. Ne5 e6 11. Nxc6 bxc6 12. Na4 Nd7 13. b4 a5 14. a3 axb4 15. axb4 Ba6 16. Nc5 Nxc5 17. bxc5 Bxd3 18. Qxd3 Qe7 19. Bd6 Qd7 20. Bxf8 Rxf8 21. Rfb1 e5 22. Ra4 exd4 23. exd4 Re8 24. g3 Qg4 25. Rbb4 h5 26. Kg2 h4 27. h3 Qg5 28. g4 Re1 29. Rb8+ Kh7 30. Rb1 Re4 31. Rd1 f5 32. f3 Re3 33. Qd2 fxg4 34. hxg4 Qf4 35. Qf2 h3+ 36. Kh1 g5 37. Rf1 Bxd4 38. Qh2 Qxh2+ 39. Kxh2 Re2+ 40. Kxh3 Be5 41. Rh1 d4 42. Ra3 Rd2 43. Rb3 d3 44. Ra3 Kg6 45. Rb3 Kf6 46. Ra3 Ke6 47. Rb3 Kd5 48. Ra3 Kc4 49. Ra4+ Kb5 50. Re4 Bf4 51. Rb1+ Kxc5 52. Rh1 Kd5 53. Rd4+ Kxd4 54. Rg1 Rh2# 0-1

[Event "Dulles Cherry Blossom op 11th"]
[Site "Dulles"]
[Date "2024.05.26"]
[Round "7"]
[White "Garg, Priyansh"]
[Black "Ayyappan, Santhosh"]
[Result "1-0"]
[WhiteElo "2049"]
[BlackElo "1966"]
[PlyCount "69"]
[EventDate "2024.05.22"]
[EventType "swiss"]
[EventRounds "9"]
[EventCountry "USA"]
[SourceTitle "CBM 220 Extra"]
[Source "ChessBase"]
[SourceDate "2024.07.31"]
[SourceVersion "1"]
[SourceVersionDate "2024.07.31"]
[SourceQuality "1"]

1. d4 d5 2. Nc3 Nf6 3. Bf4 e6 4. e3 a6 5. Bd3 c5 6. dxc5 Bxc5 7. Nf3 Nc6 8. e4 d4 9. Ne2 Bd6 10. Bxd6 Qxd6 11. Nfxd4 Nxd4 12. Nxd4 Qb4+ 13. Qd2 Qxb2 14. 0-0 Bd7 15. Nf3 Bc6 16. Rfb1 Qa3 17. Ne5 Qc5 18. Nxc6 Qxc6 19. Qb4 b5 20. a4 bxa4 21. Rxa4 Nd7 22. Ra5 f6 23. e5 f5 24. Be2 Qxc2 25. Bb5 Kf7 26. Bxd7 Rhb8 27. Bxe6+ Kg6 28. Bxf5+ Kxf5 29. e6+ Kxe6 30. Qg4+ Kd6 31. Qf4+ Kd7 32. Rd5+ Ke6 33. Rd6+ Ke7 34. Re1+ Qe2 35. Rxe2# 1-0

[Event "Dulles Cherry Blossom op 11th"]
[Site "Dulles"]
[Date "2024.05.24"]
[Round "4"]
[White "Zhao, Erick"]
[Black "Garg, Priyansh"]
[Result "1-0"]
[WhiteElo "2352"]
[BlackElo "2049"]
[PlyCount "149"]
[EventDate "2024.05.22"]
[EventType "swiss"]
[EventRounds "9"]
[EventCountry "USA"]
[SourceTitle "CBM 220 Extra"]
[Source "ChessBase"]
[SourceDate "2024.07.31"]
[SourceVersion "1"]
[SourceVersionDate "2024.07.31"]
[SourceQuality "1"]

1. e4 e5 2. Nf3 Nf6 3. Nxe5 d6 4. Nf3 Nxe4 5. d4 d5 6. Bd3 Be7 7. 0-0 Nc6 8. Nbd2 Nxd2 9. Bxd2 0-0 10. c3 Bg4 11. h3 Bh5 12. g3 Qd7 13. Kg2 Bg6 14. Qc2 Bd6 15. Rae1 Ne7 16. Re2 Rfe8 17. Rfe1 f6 18. Bxg6 Nxg6 19. Qb3 Ne7 20. c4 b6 21. cxd5 Ng6 22. Re6 Nf8 23. R6e3 Ng6 24. Qc4 Kf7 25. Bc3 Qf5 26. Ne5+ fxe5 27. dxe5 Nxe5 28. Bxe5 Rxe5 29. Rxe5 Bxe5 30. d6+ Qe6 31. Qxc7+ Kg8 32. Qc6 Rd8 33. Qb5 Qxd6 34. Rxe5 Qd7 35. Qe2 Qc6+ 36. Kh2 Rf8 37. Re7 a5 38. b3 h6 39. Qe3 Qc2 40. Kg2 Qc6+ 41. Kg1 Rd8 42. Rxg7+ Kh8 43. Rh7+ Kg8 44. Rg7+ Kh8 45. Qe1 Kxg7 46. Qe7+ Kg6 47. Qxd8 Qc1+ 48. Kh2 Qc5 49. Qe8+ Kg7 50. Qe3 Qc6 51. Qd4+ Kg6 52. Qe5 b5 53. g4 a4 54. bxa4 bxa4 55. Kg3 Qc4 56. Qd6+ Kg7 57. Qd2 Qc7+ 58. f4 Qa7 59. Qb2+ Kg8 60. Qf2 Qa5 61. Qe3 Qb4 62. Kh4 Qc4 63. a3 Qf7 64. Qe5 Qb3 65. Qe8+ Kg7 66. Qe7+ Kg8 67. f5 Qc2 68. Qe8+ Kg7 69. Qg6+ Kf8 70. Qxh6+ Kf7 71. Qe6+ Kf8 72. Qd6+ Ke8 73. f6 Qf2+ 74. Kh5 Qe3 75. Qe7+ 1-0